000 00784nam a2200241Ia 4500
003 OSt
005 20220930070702.0
006 a|||||r|||| 00| 0
007 ta
008 220926b |||||||| |||| 00| 0 eng d
024 _a7350
037 _cTheses
040 _aCRL
_cCRL
_beng
041 _2eng
_aeng
100 _aSingh Balvinder
_9527437
110 _aUniversity of Delhi. Faculty of Inter-disciplinary. and Applied Sciences. Department of Microbiology
_9522371
245 0 _aSusceptibility of bacteroides to antimicrobial agents
260 _c1986
650 _aMICROBIOLOGY
700 _aUniversity of Delhi. Faculty of Inter-disciplinary. and Applied Sciences. Department of Microbiology
_9522372
942 _cDIS
_2CC
999 _c861259
_d861259